| 000 | 00877pam a2200289 a 4500 | ||
|---|---|---|---|
| 999 |
_c9781 _d9781 |
||
| 001 | 9781 | ||
| 003 | BD-JhCC | ||
| 005 | 20180329122409.0 | ||
| 008 | 180329s1986 nyub b 001 0 eng | ||
| 020 | _a0684185784 | ||
| 035 | _a(BD-JhCC)9781 | ||
| 040 |
_aDLC _cDLC _dDLC _dBD-JhCC |
||
| 041 | _aeng | ||
| 050 | 0 | 0 |
_aQH84.1 _b.L67 1986 |
| 082 | 0 | 0 |
_a508.98 _219 _bLOP 1986 |
| 100 | 1 |
_aLopez, Barry Holstun, _d1945- |
|
| 245 | 1 | 0 |
_aArctic dreams : _bimagination and desire in a northern landscape / _cBarry Lopez. |
| 260 |
_aNew York : _bScribner, _cc1986. |
||
| 300 |
_axxix, 464 p. : _bmaps ; _c25 cm. |
||
| 500 | _aIncludes index. | ||
| 504 | _aBibliography: p. 445-448. | ||
| 650 | 0 |
_aNatural history _zArctic regions. |
|
| 651 | 0 |
_aArctic regions _xDescription and travel. |
|
| 651 | 0 |
_aArctic regions _xDiscovery and exploration. |
|
| 942 |
_2ddc _cBK |
||